| 000 | 00439nam a2200097Ia 4500 | ||
|---|---|---|---|
| 008 | 180130s9999 xx 000 0 und d | ||
| 245 |
_cAlbers, Craig A.; Mission, Paige L.; Bice-Urbach, Brittany _aConsidering diverse learner characteristics in problem-solving assessment |
||
| 260 | _c2013 | ||
| 300 | _aBook title: Assessment for intervention : a problem-solving approach--Acession number C17203; pages 101-124 | ||
| 650 | _aSCHOOL PSYCHOLOGY | ||
| 999 |
_c353710 _d353710 |
||